|
|
|
|
| LEADER |
00000nam a2200000 i 4500 |
| 003 |
Ucuenca |
| 005 |
20231110062823.0 |
| 006 |
a||||gr|||| 001 p |
| 007 |
ta |
| 008 |
200207s1966 ec gr|||| 001 p spa a |
| 999 |
|
|
|c 159023
|d 159023
|
| 040 |
|
|
|a UCuenca-cdrjbv
|b spa
|c UCuenca
|e rda
|
| 041 |
0 |
|
|a spa
|
| 082 |
0 |
|
|2 22
|a E861.4
|c 352471
|
| 100 |
1 |
|
|a Pachano Lalama, Rodrigo
|d 1910-1984
|e autor
|9 260545
|
| 245 |
1 |
0 |
|a Reseña del amor contradictorio:
|b (sonetario) /
|c Rodrigo Pachana Lalama.
|
| 250 |
|
|
|a Primera edición.
|
| 264 |
|
1 |
|a Ambato:
|b Editorial Atenas,
|c 1966.
|
| 300 |
|
|
|a 17 páginas:
|c 18 cm
|
| 336 |
|
|
|2 rdacontent
|a texto
|b txt
|
| 337 |
|
|
|2 rdamedia
|a no mediado
|b n
|
| 338 |
|
|
|2 rdacarrier
|a volumen
|b nc
|
| 650 |
1 |
7 |
|a Poesía ecuatoriana
|9 618
|
| 650 |
1 |
0 |
|a Literatura ecuatoriana
|9 307
|
| 942 |
|
|
|2 ddc
|c BK
|z bladimir.cabrerar@ucuenca.edu.ec
|